| 000 | 01269nam a2200265Ia 4500 | ||
|---|---|---|---|
| 999 |
_c56171 _d56171 |
||
| 001 | 23272 | ||
| 003 | GE_BSU | ||
| 005 | 20230726151910.0 | ||
| 008 | 181216s2018||||ge |||||||||||||| ||geo|| | ||
| 020 | _a9789941277726 | ||
| 040 | _cGE_BSU | ||
| 041 | _ageo | ||
| 080 | _a94(479.22:479.225) გ-58 | ||
| 100 |
_aგოილაძე, ვახტანგ _92188 |
||
| 245 |
_aოსთა წინაპრები ძვ.წ. VII-ახ.წ. XV საუკუნეებში / _cვახტანგ გოილაძე ; რედაქტორი როინ მეტრეველი. |
||
| 264 |
_aთბილისი : _bსაქართველოს მეცნიერებათა ეროვნული აკადემია, _c2018. |
||
| 300 |
_a200 გვ. : _bრუკები ; _c29 სმ. |
||
| 500 | _aშემოკლებები : გვ. 198 | ||
| 520 | _aრეზიუმე რუსულ ენაზე | ||
| 541 | _h10 ლ. | ||
| 653 | _aისტორია | ||
| 653 | _aოსთა წინაპრები ძვ.წ. VII-ახ.წ. XV საუკუნეებში | ||
| 700 |
_aმეტრეველი, როინ _eრედაქტორი _919546 |
||
| 942 |
_cBK _2udc |
||